[Event "HEM Meister-Turnier"]
[Site "Frankfurt-Zeilsheim"]
[Date "2018.??.??"]
[Round "8.7"]
[White "Dorst, Johannes"]
[Black "Guelsen, Taylan"]
[Result "1-0"]
[WhiteElo "2269"]
[BlackElo "2144"]
[PlyCount "123"]
[EventDate "2018.??.??"]
[EventType "swiss"]
[EventRounds "9"]
[EventCountry "GER"]
[WhiteTeam "SK Marburg"]
[BlackTeam "SG Niederkassel"]

1. e4 e5 2. Nf3 Nf6 3. Nxe5 d6 4. Nf3 Nxe4 5. Nc3 Nxc3 6. dxc3 Be7 7. Be3 c6 8.
Qd2 d5 9. c4 dxc4 10. Qxd8+ Bxd8 11. Bxc4 O-O 12. O-O-O Nd7 13. Rhe1 Bf6 14. h3
Nb6 15. Bb3 Bf5 16. a4 Rfd8 17. Rxd8+ Rxd8 18. a5 Nc8 19. Bf4 Kf8 20. g4 Bg6
21. Ne5 Bxe5 22. Bxe5 f6 23. Bc3 Bf7 24. Bb4+ Kg8 25. Ba4 Bd5 26. Rd1 Rd7 27.
Bb3 g5 28. c3 h6 29. Bc2 Be6 30. Re1 Kf7 31. Rxe6 c5 32. Bb3 cxb4 33. Rc6+ Ke7
34. Rxc8 Rd3 35. Bc2 Rxh3 36. cxb4 Kd6 37. Kd2 h5 38. gxh5 Rxh5 39. Rf8 Rh4 40.
Rxf6+ Ke7 41. Rf5 Rxb4 42. Kc3 Rg4 43. Bb3 Kd6 44. Rf7 Kc6 45. Be6 Rg1 46. Bc8
b6 47. a6 Kb5 48. Kb3 Rc1 49. Rf5+ Kc6 50. Bb7+ Kd6 51. Rxg5 Rf1 52. f3 Re1 53.
Rg7 Kc5 54. Be4 Re3+ 55. Ka2 b5 56. Rxa7 Kb6 57. Re7 b4 58. a7 b3+ 59. Ka3 Re1
60. a8=Q Ra1+ 61. Kxb3 Ra3+ 62. Kxa3 1-0

[Event "HEM Meister-Turnier"]
[Site "Frankfurt-Zeilsheim"]
[Date "2018.??.??"]
[Round "8.8"]
[White "Ruppert, Wolfgang"]
[Black "Meyner, Hannes"]
[Result "1/2-1/2"]
[WhiteElo "2165"]
[BlackElo "2181"]
[PlyCount "144"]
[EventDate "2018.??.??"]
[EventType "swiss"]
[EventRounds "9"]
[EventCountry "GER"]
[WhiteTeam "SC Flörsheim"]
[BlackTeam "TG Wehlheiden"]

1. e4 c6 2. d4 d5 3. exd5 cxd5 4. Bd3 Nc6 5. c3 Nf6 6. Bf4 Bg4 7. Ne2 Bh5 8.
Nd2 e6 9. Qb3 Qd7 10. Bg3 Bd6 11. Nf1 O-O 12. Ne3 Bg6 13. Qd1 Bxd3 14. Qxd3 b5
15. b3 Rab8 16. O-O Rfc8 17. Rfd1 Ne4 18. Bxd6 Nxd6 19. Ng4 Ne7 20. Ne5 Qb7 21.
Rac1 Rc7 22. h4 Rbc8 23. h5 h6 24. Qe3 b4 25. cxb4 Qxb4 26. g4 Qa3 27. Rxc7
Rxc7 28. Rc1 Rxc1+ 29. Nxc1 Nb5 30. Ned3 Nc6 31. g5 hxg5 32. Qxg5 Nbxd4 33. Kg2
Qe7 34. Qg4 Qf6 35. b4 Qh6 36. a4 Qd2 37. b5 Nf5 38. Qf4 Qxf4 39. Nxf4 Ncd4 40.
Na2 Kf8 41. Nc3 Nd6 42. Nd3 Ke7 43. f3 Kd7 44. Kf2 Kc7 45. Ke3 N4f5+ 46. Kf4
Nc4 47. Nxd5+ exd5 48. Kxf5 Kb6 49. Ne5 Nd6+ 50. Kf4 Ka5 51. Nc6+ Kxa4 52. Nxa7
Nxb5 53. Nc6 Kb3 54. Ke5 Kc4 55. Na5+ Kc5 56. Nb3+ Kb4 57. Nd4 Nc3 58. Nf5 Kc4
59. Nxg7 d4 60. Nf5 d3 61. h6 d2 62. h7 Kd3 63. h8=Q d1=Q 64. Qd8+ Ke2 65. Nd4+
Kf1 66. Qh4 Qe1+ 67. Qxe1+ Kxe1 68. f4 Kf2 69. f5 Kg3 70. Kf6 Nd5+ 71. Ke5 Nc3
72. Kf6 Ne4+ 1/2-1/2

[Event "HEM Meister-Turnier"]
[Site "Frankfurt-Zeilsheim"]
[Date "2018.??.??"]
[Round "8.9"]
[White "Lesny, Florian"]
[Black "Bonnaire, Ulrich"]
[Result "1/2-1/2"]
[WhiteElo "2018"]
[BlackElo "2208"]
[PlyCount "53"]
[EventDate "2018.??.??"]
[EventType "swiss"]
[EventRounds "9"]
[EventCountry "GER"]
[WhiteTeam "SK Niederbrechen"]
[BlackTeam "SC Frankfurt-West"]

1. e4 c5 2. Nf3 e6 3. d4 cxd4 4. Nxd4 a6 5. Bd3 Qc7 6. O-O Bc5 7. Nb3 Ba7 8.
Qe2 d6 9. c4 Nc6 10. Nc3 Bd7 11. Kh1 Nge7 12. f4 g6 13. Be3 Bxe3 14. Qxe3 Nb4
15. Rad1 O-O-O 16. Be2 Kb8 17. Qd4 Bc8 18. a3 Nbc6 19. Qf2 Na5 20. Nd2 d5 21.
exd5 exd5 22. Nxd5 Nxd5 23. cxd5 Rxd5 24. b4 Nc6 25. Nb3 Rxd1 26. Rxd1 Rd8 27.
Rxd8 1/2-1/2

[Event "HEM Meister-Turnier"]
[Site "Frankfurt-Zeilsheim"]
[Date "2018.??.??"]
[Round "9.1"]
[White "Lubbe, Nikolas"]
[Black "Bethke, Richard"]
[Result "1-0"]
[WhiteElo "2453"]
[BlackElo "2193"]
[PlyCount "73"]
[EventDate "2018.??.??"]
[EventType "swiss"]
[EventRounds "9"]
[EventCountry "GER"]
[WhiteTeam "SF Neuberg"]
[BlackTeam "SF Neuberg"]

1. Nf3 Nf6 2. b3 d5 3. e3 e6 4. Bb2 Be7 5. c4 O-O 6. Be2 b6 7. cxd5 Nxd5 8. O-O
Bb7 9. d4 Nd7 10. Nbd2 c5 11. Nc4 cxd4 12. Nxd4 Nc5 13. Bf3 Bf6 14. e4 Nb4 15.
e5 Bxf3 16. Qxf3 Bg5 17. Rfd1 Qd5 18. a3 Qxf3 19. Nxf3 Nbd3 20. Nxg5 b5 21. Na5
Nxb2 22. Rd2 Ncd3 23. Rb1 Rac8 24. Ne4 Rfd8 25. Nd6 Nxe5 26. Nab7 Nbd3 27. Nxd8
Rxd8 28. Nxb5 Rd5 29. f4 Nxf4 30. Rxd5 exd5 31. Rd1 Ng4 32. Rd2 a6 33. Nc3 Ne3
34. Kf2 Nexg2 35. Nxd5 g5 36. b4 h5 37. Nf6+ 1-0

[Event "HEM Meister-Turnier"]
[Site "Frankfurt-Zeilsheim"]
[Date "2018.??.??"]
[Round "9.2"]
[White "Lagunow, Raphael"]
[Black "Zude, Arno"]
[Result "1/2-1/2"]
[WhiteElo "2368"]
[BlackElo "2372"]
[PlyCount "82"]
[EventDate "2018.??.??"]
[EventType "swiss"]
[EventRounds "9"]
[EventCountry "GER"]
[WhiteTeam "SK Zehlendorf"]
[BlackTeam "SV Hofheim"]

1. e4 e5 2. Nf3 Nc6 3. Bc4 Nf6 4. d3 Be7 5. O-O O-O 6. Re1 d6 7. a4 Na5 8. Ba2
c5 9. c3 Nc6 10. Na3 a6 11. h3 Be6 12. Nc4 h6 13. Bd2 Re8 14. Ne3 Bxa2 15. Rxa2
d5 16. exd5 Nxd5 17. Nc4 Bf6 18. Qb3 Rb8 19. a5 Qd7 20. Raa1 Rbd8 21. Rad1 Re6
22. Re4 Qc7 23. Qa3 Nce7 24. Rde1 Ng6 25. Qa4 Nde7 26. Qc2 Nc6 27. b4 Qd7 28.
d4 cxd4 29. cxd4 Nxd4 30. Nxd4 exd4 31. Rxe6 d3 32. Re8+ Rxe8 33. Rxe8+ Qxe8
34. Qxd3 Qc6 35. Ne3 Bg5 36. Nf5 Nh4 37. Nxh4 Bxh4 38. Bc3 Be7 39. Qe3 Bf8 40.
Qd4 Qe6 41. f3 Qc6 1/2-1/2

[Event "HEM Meister-Turnier"]
[Site "Frankfurt-Zeilsheim"]
[Date "2018.??.??"]
[Round "9.3"]
[White "Kersten, Uwe"]
[Black "Lubbe, Melanie"]
[Result "0-1"]
[WhiteElo "2243"]
[BlackElo "2312"]
[PlyCount "44"]
[EventDate "2018.??.??"]
[EventType "swiss"]
[EventRounds "9"]
[EventCountry "GER"]
[WhiteTeam "Kasseler SK"]
[BlackTeam "SF Neuberg"]

1. e4 c5 2. Nf3 e6 3. d4 cxd4 4. Nxd4 Nf6 5. Nc3 Nc6 6. Ndb5 Bc5 7. Bf4 O-O 8.
Bc7 Qe7 9. Bd6 Bxd6 10. Qxd6 Qd8 11. Qg3 d5 12. exd5 exd5 13. O-O-O d4 14. Qf4
Nh5 15. Qc7 Qg5+ 16. f4 Nxf4 17. Ne4 Ne2+ 18. Kb1 Qxb5 19. Ng3 d3 20. Rxd3 Nxg3
21. Qxg3 Qe5 22. Qh4 Bf5 0-1

[Event "HEM Meister-Turnier"]
[Site "Frankfurt-Zeilsheim"]
[Date "2018.??.??"]
[Round "9.4"]
[White "Lutz, Klaus Juergen"]
[Black "Hahn, Florian"]
[Result "1-0"]
[WhiteElo "2251"]
[BlackElo "2184"]
[PlyCount "87"]
[EventDate "2018.??.??"]
[EventType "swiss"]
[EventRounds "9"]
[EventCountry "GER"]
[WhiteTeam "SF Neuberg"]
[BlackTeam "SC Herborn"]

1. e4 c5 2. Nf3 g6 3. c3 d5 4. exd5 Qxd5 5. Na3 Nc6 6. Bc4 Qd8 7. Qb3 e6 8. d4
Nf6 9. Bf4 Bg7 10. dxc5 O-O 11. Rd1 Nd5 12. Be2 Bd7 13. Bd6 Re8 14. O-O Qc8 15.
Nc4 Nce7 16. Nce5 Bc6 17. Rfe1 Nf5 18. Bf1 h6 19. c4 Nf6 20. Qd3 a5 21. Nd4
Nxd4 22. Qxd4 Nd7 23. b3 g5 24. Qe3 Nxe5 25. Bxe5 f6 26. Bc3 e5 27. Rd6 Qg4 28.
h3 Qf5 29. Bd3 e4 30. Be2 Re7 31. Red1 Rf8 32. Bg4 Qh7 33. Re6 Ref7 34. Bh5 Rd7
35. Rdd6 Rxd6 36. cxd6 Qf5 37. Re7 Rd8 38. Bg4 Qg6 39. Qc5 e3 40. Bf5 Qh5 41.
Qxe3 Qd1+ 42. Qe1 Rxd6 43. Bxa5 Qh5 44. Rxg7+ 1-0

[Event "HEM Meister-Turnier"]
[Site "Frankfurt-Zeilsheim"]
[Date "2018.??.??"]
[Round "9.5"]
[White "Krastev, Alexander"]
[Black "Alber, Horst"]
[Result "1-0"]
[WhiteElo "2202"]
[BlackElo "2290"]
[PlyCount "55"]
[EventDate "2018.??.??"]
[EventType "swiss"]
[EventRounds "9"]
[EventCountry "GER"]
[WhiteTeam "Biebertaler SF"]
[BlackTeam "SK Marburg"]

1. e4 g6 2. d4 d6 3. Nc3 Bg7 4. f4 Nc6 5. Nf3 Nf6 6. Bd3 O-O 7. Be3 Ng4 8. Bg1
e5 9. dxe5 dxe5 10. h3 Nf6 11. fxe5 Nh5 12. Bh2 Bh6 13. Nd5 Nd4 14. Nxd4 c6 15.
Nf5 Bxf5 16. exf5 Qxd5 17. O-O Rae8 18. Qf3 Rxe5 19. Bxe5 Qxe5 20. Rae1 Qxb2
21. Qg4 Bg7 22. fxg6 hxg6 23. Kh1 b5 24. Bxg6 fxg6 25. Rxf8+ Bxf8 26. Qxg6+ Ng7
27. Rf1 Qe5 28. Qf7+ 1-0

[Event "HEM Meister-Turnier"]
[Site "Frankfurt-Zeilsheim"]
[Date "2018.??.??"]
[Round "9.6"]
[White "Dorst, Johannes"]
[Black "Weber, Samuel"]
[Result "1/2-1/2"]
[WhiteElo "2269"]
[BlackElo "2084"]
[PlyCount "62"]
[EventDate "2018.??.??"]
[EventType "swiss"]
[EventRounds "9"]
[EventCountry "GER"]
[WhiteTeam "SK Marburg"]
[BlackTeam "SV Oberursel"]

1. e4 e5 2. Nf3 Nc6 3. Bc4 Bc5 4. c3 Nf6 5. d3 O-O 6. O-O d5 7. exd5 Nxd5 8.
Re1 Bg4 9. h3 Bh5 10. Nbd2 Nb6 11. Ne4 Bd6 12. Bb3 Kh8 13. Qe2 f6 14. Ng3 Bxf3
15. Qxf3 Qd7 16. Ne4 f5 17. Nxd6 cxd6 18. Qh5 Rae8 19. f4 d5 20. fxe5 Nxe5 21.
Qd1 f4 22. d4 Nec4 23. Bxc4 Nxc4 24. Rxe8 Qxe8 25. b3 Ne3 26. Qd3 Nc2 27. Qxc2
Qe1+ 28. Kh2 Qg3+ 29. Kg1 Qe1+ 30. Kh2 Qg3+ 31. Kg1 Qe1+ 1/2-1/2

[Event "HEM Meister-Turnier"]
[Site "Frankfurt-Zeilsheim"]
[Date "2018.??.??"]
[Round "9.7"]
[White "Meyner, Hannes"]
[Black "Humburg, Philipp"]
[Result "1/2-1/2"]
[WhiteElo "2181"]
[BlackElo "2219"]
[PlyCount "81"]
[EventDate "2018.??.??"]
[EventType "swiss"]
[EventRounds "9"]
[EventCountry "GER"]
[WhiteTeam "TG Wehlheiden"]
[BlackTeam "Kasseler SK"]

1. d4 d5 2. c4 dxc4 3. e3 e5 4. Bxc4 exd4 5. exd4 Nf6 6. Nf3 Bd6 7. Qe2+ Qe7 8.
Qxe7+ Kxe7 9. Nc3 c6 10. Bg5 Be6 11. d5 cxd5 12. Nxd5+ Kf8 13. Rc1 Nbd7 14.
Nxf6 gxf6 15. Bh6+ Ke7 16. O-O Rac8 17. Bd3 Ne5 18. Be4 Nxf3+ 19. Bxf3 b6 20.
b3 Ba3 21. Rxc8 Rxc8 22. Be4 f5 23. Bb1 Kf6 24. Rd1 Bb2 25. Kf1 Rc5 26. Bf4 Rd5
27. Rd3 Rxd3 28. Bxd3 Bd5 29. Bb8 a5 30. Bc7 Bd4 31. f3 a4 32. Bc4 axb3 33.
axb3 Ke6 34. Ke2 b5 35. Bxd5+ Kxd5 36. Kd3 h5 37. Bd8 Be5 38. h3 Bd4 39. Be7
Be5 40. Bb4 Bd4 41. Be7 1/2-1/2

[Event "HEM Meister-Turnier"]
[Site "Frankfurt-Zeilsheim"]
[Date "2018.??.??"]
[Round "9.8"]
[White "Ruppert, Wolfgang"]
[Black "Lesny, Florian"]
[Result "0-1"]
[WhiteElo "2165"]
[BlackElo "2018"]
[PlyCount "58"]
[EventDate "2018.??.??"]
[EventType "swiss"]
[EventRounds "9"]
[EventCountry "GER"]
[WhiteTeam "SC Flörsheim"]
[BlackTeam "SK Niederbrechen"]

1. e4 c5 2. Nf3 d6 3. d4 cxd4 4. Nxd4 Nf6 5. Nc3 a6 6. Bg5 e6 7. f4 Be7 8. Qf3
Qc7 9. O-O-O O-O 10. g4 b5 11. a3 Bb7 12. Bxf6 Bxf6 13. g5 Bxd4 14. Rxd4 Nc6
15. Rd2 Rfc8 16. h4 b4 17. Nb1 Nd4 18. Qd3 Nxc2 19. Kd1 Qc5 20. Rh3 bxa3 21.
bxa3 Qb6 22. Nc3 Rxc3 23. Qxc3 Qb1+ 24. Ke2 Qe1+ 25. Kf3 Bxe4+ 26. Kg4 Qxf1 27.
Rhh2 Qg1+ 28. Qg3 Bf5+ 29. Kf3 Ne1+ 0-1

[Event "HEM Meister-Turnier"]
[Site "Frankfurt-Zeilsheim"]
[Date "2018.??.??"]
[Round "9.9"]
[White "Guelsen, Taylan"]
[Black "Bonnaire, Ulrich"]
[Result "1-0"]
[WhiteElo "2144"]
[BlackElo "2208"]
[PlyCount "33"]
[EventDate "2018.??.??"]
[EventType "swiss"]
[EventRounds "9"]
[EventCountry "GER"]
[WhiteTeam "SG Niederkassel"]
[BlackTeam "SC Frankfurt-West"]

1. d4 d5 2. Bf4 Nf6 3. e3 e6 4. Nf3 Be7 5. c3 O-O 6. Nbd2 c5 7. Bd3 Nc6 8. Ne5
Re8 9. h4 cxd4 10. exd4 Nxe5 11. dxe5 Nd7 12. Nf3 f6 13. Bxh7+ Kxh7 14. Ng5+
Kg8 15. Qh5 Nf8 16. Qf7+ Kh8 17. h5 1-0

[Event "HEM A-Turnier"]
[Site "Frankfurt-Zeilsheim"]
[Date "2018.??.??"]
[Round "1.1"]
[White "Kuhn, Luis"]
[Black "Leimeister, Erhard"]
[Result "0-1"]
[WhiteElo "1974"]
[BlackElo "2214"]
[PlyCount "78"]
[EventDate "2018.??.??"]
[EventType "swiss"]
[EventRounds "7"]
[EventCountry "GER"]
[WhiteTeam "SC Flörsheim"]
[BlackTeam "SC Eschborn"]

1. e4 c5 2. Nf3 g6 3. d4 cxd4 4. Nxd4 Nc6 5. Nc3 Bg7 6. Be3 Nf6 7. Be2 O-O 8.
O-O d6 9. h3 Bd7 10. Qd2 a6 11. a4 Rc8 12. Nxc6 Bxc6 13. Bf3 Qc7 14. a5 Rfe8
15. Rfd1 h5 16. Bd4 Nd7 17. Bxg7 Kxg7 18. Bxh5 Nf6 19. Bf3 Rh8 20. Qd4 Rh4 21.
g3 Rxh3 22. Nd5 Bxd5 23. exd5 Qxc2 24. Rac1 Qxc1 25. Rxc1 Rxc1+ 26. Kg2 Rhh1
27. Bg4 Rhe1 28. Bf3 Rc7 29. g4 Kg8 30. Kg3 Nd7 31. Bg2 Rc5 32. b4 Rc7 33. f4
Rec1 34. Kh4 R1c4 35. Qe3 Nf8 36. Be4 Rxb4 37. f5 Rcc4 38. Bf3 gxf5 39. Qxe7
Ng6+ 0-1

[Event "HEM A-Turnier"]
[Site "Frankfurt-Zeilsheim"]
[Date "2018.??.??"]
[Round "1.2"]
[White "Meyer, Kai Christian"]
[Black "Bajorski, Leszek"]
[Result "1-0"]
[WhiteElo "2203"]
[BlackElo "1970"]
[PlyCount "59"]
[EventDate "2018.??.??"]
[EventType "swiss"]
[EventRounds "7"]
[EventCountry "GER"]
[WhiteTeam "SF Schöneck"]
[BlackTeam "SV Hofheim"]

1. c4 Nf6 2. Nc3 c5 3. g3 d5 4. cxd5 Nxd5 5. Bg2 Nxc3 6. bxc3 Nc6 7. Nf3 e5 8.
O-O Be7 9. Rb1 O-O 10. Qa4 Qc7 11. d4 cxd4 12. cxd4 Bf5 13. Rxb7 Qxb7 14. Nxe5
Qb4 15. Bxc6 Qxa4 16. Bxa4 Bf6 17. Nc6 Be4 18. Rd1 Bd5 19. Nb4 Bc4 20. e4 a5
21. Nc6 Bxa2 22. e5 Bd8 23. d5 Bb6 24. Ba3 Rfd8 25. Nxd8 Rxd8 26. d6 f6 27.
exf6 gxf6 28. Re1 Bd4 29. d7 Bf7 30. Be7 1-0

[Event "HEM A-Turnier"]
[Site "Frankfurt-Zeilsheim"]
[Date "2018.??.??"]
[Round "1.3"]
[White "Sever, Mustafa Batuhan"]
[Black "Chandler, Patrick"]
[Result "1-0"]
[WhiteElo "1960"]
[BlackElo "2143"]
[PlyCount "91"]
[EventDate "2018.??.??"]
[EventType "swiss"]
[EventRounds "7"]
[EventCountry "GER"]
[WhiteTeam "SV Großauheim"]
[BlackTeam "SC Nied"]

1. e4 Nc6 2. Nf3 d6 3. d4 Bg4 4. Be2 Nf6 5. c3 e6 6. h3 Bh5 7. Nbd2 Bg6 8. Bd3
Be7 9. O-O O-O 10. Re1 e5 11. dxe5 Nxe5 12. Nxe5 dxe5 13. Bc2 c6 14. Qf3 Qc7
15. Nc4 Nd7 16. Ne3 Nc5 17. Nf5 Ne6 18. h4 h6 19. Qg3 Bf6 20. Bxh6 gxh6 21. h5
Bg5 22. hxg6 fxg6 23. Nxh6+ Kg7 24. Nf5+ Kf6 25. Ne3 Bf4 26. Qg4 Qc8 27. Bb3
Ng5 28. Qxc8 Raxc8 29. Nc4 Rcd8 30. Re2 Ne6 31. g3 Bh6 32. Kg2 b5 33. Na5 Nc5
34. Rh1 Bg7 35. Bc2 Rd6 36. f4 Rh8 37. Rf1 Ke7 38. Ref2 Nd7 39. Rd1 Rxd1 40.
Bxd1 Kd6 41. Bg4 Nc5 42. Rd2+ Kc7 43. b4 Nxe4 44. Rd7+ Kb6 45. Rb7+ Ka6 46.
Rxg7 1-0

[Event "HEM A-Turnier"]
[Site "Frankfurt-Zeilsheim"]
[Date "2018.??.??"]
[Round "1.4"]
[White "Will, Dominik"]
[Black "Weil, Michael"]
[Result "1-0"]
[WhiteElo "2135"]
[BlackElo "1957"]
[PlyCount "69"]
[EventDate "2018.??.??"]
[EventType "swiss"]
[EventRounds "7"]
[EventCountry "GER"]
[WhiteTeam "SC Bad Nauheim"]
[BlackTeam "SC Steinbach"]

1. e4 Nf6 2. d3 e5 3. Nf3 Nc6 4. c3 d5 5. Nbd2 a5 6. Be2 a4 7. O-O Bc5 8. exd5
Qxd5 9. d4 exd4 10. Bc4 Qh5 11. Re1+ Kf8 12. cxd4 Bxd4 13. Nf1 Bg4 14. Be2 Bb6
15. h3 Bxf3 16. Bxf3 Qh4 17. Be3 Rd8 18. Qc1 Bxe3 19. Nxe3 Ne4 20. Qc2 Rd2 21.
Qxe4 Qxf2+ 22. Kh1 Rxb2 23. Nd1 Re2 24. Qxe2 Qxe2 25. Rxe2 Nd4 26. Rd2 Ne6 27.
Bxb7 Ke7 28. Bc6 a3 29. Rd7+ Kf6 30. Nc3 Rb8 31. Rf1+ Kg6 32. Rfxf7 Rb2 33.
Rde7 Ng5 34. Rxg7+ Kh6 35. h4 1-0

[Event "HEM A-Turnier"]
[Site "Frankfurt-Zeilsheim"]
[Date "2018.??.??"]
[Round "1.5"]
[White "Schmitt, Carsten"]
[Black "Flach, Erich"]
[Result "1/2-1/2"]
[WhiteElo "1957"]
[BlackElo "2127"]
[PlyCount "85"]
[EventDate "2018.??.??"]
[EventType "swiss"]
[EventRounds "7"]
[EventCountry "GER"]
[WhiteTeam "SV Bergwinkel"]
[BlackTeam "SK Langen"]

1. c4 c5 2. g3 Nf6 3. Bg2 e6 4. Nf3 b6 5. O-O Bb7 6. Nc3 Be7 7. b3 d6 8. Bb2
O-O 9. Rc1 Nbd7 10. e3 Rc8 11. d4 cxd4 12. exd4 d5 13. Ne5 a6 14. Re1 Re8 15.
Qe2 Nf8 16. Na4 N6d7 17. cxd5 Rxc1 18. Rxc1 Nxe5 19. dxe5 exd5 20. Bd4 b5 21.
Bb6 Qb8 22. Bc7 Qc8 23. Nb6 Qe6 24. Qd3 Nd7 25. Bxd5 Bxd5 26. Qxd5 Qxd5 27.
Nxd5 Ba3 28. Re1 f6 29. e6 Nc5 30. e7 Nd3 31. Re3 Nb4 32. Nxb4 Bxb4 33. Bd8 Kf7
34. Re4 Bxe7 35. Bxe7 Rxe7 36. Rd4 Re2 37. a4 Rb2 38. axb5 a5 39. Ra4 Rxb3 40.
Rxa5 Kg6 41. Kf1 h5 42. Ke1 Rb2 43. Kf1 1/2-1/2

[Event "HEM A-Turnier"]
[Site "Frankfurt-Zeilsheim"]
[Date "2018.??.??"]
[Round "1.6"]
[White "Leidorf, Sebastian"]
[Black "Vega Lopez de Nava, Cesar Octavi"]
[Result "1-0"]
[WhiteElo "2100"]
[BlackElo "1949"]
[PlyCount "51"]
[EventDate "2018.??.??"]
[EventType "swiss"]
[EventRounds "7"]
[EventCountry "GER"]
[WhiteTeam "SV Bergwinkel"]
[BlackTeam "SC Flörsheim"]

1. c4 e5 2. g3 Nf6 3. Bg2 h6 4. Nc3 Bb4 5. Nf3 Bxc3 6. bxc3 e4 7. Nd4 O-O 8.
O-O Re8 9. f3 c5 10. Nc2 Nc6 11. fxe4 Nxe4 12. Ne3 d6 13. Rb1 Rb8 14. Qc2 f5
15. d3 f4 16. Rxf4 Ng5 17. Bxc6 Nh3+ 18. Kh1 Rxe3 19. Bxe3 Qe7 20. Bd5+ Kh8 21.
Re4 Qf8 22. Kg2 Bf5 23. Rf1 Qc8 24. d4 Bh7 25. Be6 Qe8 26. Bf5 1-0

[Event "HEM A-Turnier"]
[Site "Frankfurt-Zeilsheim"]
[Date "2018.??.??"]
[Round "1.7"]
[White "Scallan, Fiachra"]
[Black "Finke, Kai"]
[Result "1/2-1/2"]
[WhiteElo "1949"]
[BlackElo "2054"]
[PlyCount "99"]
[EventDate "2018.??.??"]
[EventType "swiss"]
[EventRounds "7"]
[EventCountry "GER"]
[BlackTeam "SG Porz"]

1. e4 c5 2. Nf3 d6 3. Bb5+ Nd7 4. d4 a6 5. Bxd7+ Bxd7 6. dxc5 dxc5 7. Nc3 e6 8.
Ne5 Nf6 9. Nxd7 Nxd7 10. a4 Qc7 11. Qe2 Bd6 12. h3 O-O 13. O-O Rab8 14. f4 c4
15. Be3 b5 16. axb5 axb5 17. Ra7 Qc6 18. e5 Bc5 19. Bxc5 Nxc5 20. Ra5 Rfc8 21.
Qf3 Qxf3 22. Rxf3 b4 23. Nd1 g6 24. b3 cxb3 25. cxb3 Ne4 26. Ra1 Rc2 27. Ne3
Rc3 28. Nc4 Nc5 29. Nd2 Rxf3 30. gxf3 Nd3 31. Ne4 Nxf4 32. h4 Rb5 33. Ra7 Rxe5
34. Nd6 f5 35. Rb7 Nd5 36. Nc4 Re2 37. Nb6 Nc3 38. Nd7 Nd5 39. Nc5 Re3 40. Kf2
Rc3 41. Nxe6 Rxb3 42. Rg7+ Kh8 43. Rd7 Nf6 44. Rf7 Rb2+ 45. Kg1 Rb1+ 46. Kh2 h6
47. Rxf6 b3 48. Nf4 b2 49. Rb6 g5 50. hxg5 1/2-1/2

[Event "HEM A-Turnier"]
[Site "Frankfurt-Zeilsheim"]
[Date "2018.??.??"]
[Round "1.8"]
[White "Gries, Volker"]
[Black "Feicht, Arno"]
[Result "1-0"]
[WhiteElo "2084"]
[BlackElo "1929"]
[PlyCount "87"]
[EventDate "2018.??.??"]
[EventType "swiss"]
[EventRounds "7"]
[EventCountry "GER"]
[WhiteTeam "SV Oberursel"]
[BlackTeam "SV Alsfeld"]

1. e4 c5 2. Nf3 Nc6 3. Bb5 Nf6 4. Nc3 g6 5. e5 Ng4 6. Bxc6 dxc6 7. h3 Nh6 8. b3
Bg7 9. Bb2 O-O 10. Ne4 b6 11. Qe2 f6 12. O-O-O Qc7 13. d4 cxd4 14. Qc4+ Kh8 15.
Nxd4 Qxe5 16. Nxc6 Qc7 17. Ne5 Qb7 18. Nf3 Bf5 19. Rhe1 Rac8 20. Qe2 Rc7 21. g4
Bd7 22. Qd3 Rfc8 23. Re2 Bc6 24. Ne1 Nf7 25. h4 Rd7 26. Qe3 Rxd1+ 27. Kxd1 Qd7+
28. Nd2 Qxg4 29. Qxe7 Ne5 30. f3 Qxh4 31. Rxe5 Bf8 32. Re4 Bxe7 33. Rxh4 Kg7
34. Nd3 g5 35. Rd4 h5 36. Nb4 Bxb4 37. Rxb4 Kg6 38. Rc4 h4 39. Bd4 Rd8 40. Rxc6
Rxd4 41. Ke2 Rd7 42. Ne4 Rf7 43. Kf2 Kf5 44. Nd6+ 1-0

[Event "HEM A-Turnier"]
[Site "Frankfurt-Zeilsheim"]
[Date "2018.??.??"]
[Round "1.9"]
[White "Stock, Juergen"]
[Black "Rolf, Marco"]
[Result "1-0"]
[WhiteElo "1927"]
[BlackElo "2069"]
[PlyCount "83"]
[EventDate "2018.??.??"]
[EventType "swiss"]
[EventRounds "7"]
[EventCountry "GER"]
[WhiteTeam "Sfr. Kelkheim"]
[BlackTeam "SK Gernsheim"]

1. d4 d5 2. e3 Nf6 3. Bd3 c5 4. c3 Nc6 5. f4 g6 6. Nf3 Bg7 7. O-O O-O 8. Qe2
Be6 9. Nbd2 cxd4 10. exd4 Qc8 11. Ne5 Re8 12. Ndf3 h6 13. Bd2 Bf5 14. Rae1 Ne4
15. Nh4 Rb8 16. g4 Bxg4 17. Nxg4 Nxd2 18. f5 Nxf1 19. fxg6 f6 20. Nf5 e6 21.
Nfxh6+ Bxh6 22. Nxh6+ Kg7 23. Qxf1 Rh8 24. Nf7 Qc7 25. Nxh8 Rxh8 26. Qf2 e5 27.
Rf1 Qd6 28. Qg3 Qe6 29. Bf5 Qe7 30. h4 Qd8 31. Qg4 exd4 32. cxd4 Qb6 33. Rf4
Qxb2 34. Bd3 Qc1+ 35. Bf1 Qe3+ 36. Kh2 Re8 37. Bg2 Re7 38. Bxd5 Qd2+ 39. Kh3
Re2 40. Bxc6 Rh2+ 41. Kg3 bxc6 42. Qd7+ 1-0

[Event "HEM A-Turnier"]
[Site "Frankfurt-Zeilsheim"]
[Date "2018.??.??"]
[Round "1.10"]
[White "Syed, Tareq"]
[Black "Wolff, Peter"]
[Result "1/2-1/2"]
[WhiteElo "2051"]
[BlackElo "1917"]
[PlyCount "41"]
[EventDate "2018.??.??"]
[EventType "swiss"]
[EventRounds "7"]
[EventCountry "GER"]
[WhiteTeam "SC Brett vorm Kopp"]
[BlackTeam "VSG Offenbach"]

1. d3 d5 2. g3 Nf6 3. Bg2 c6 4. Nd2 Bg4 5. h3 Bh5 6. f4 Qb6 7. c3 e6 8. Qb3
Nbd7 9. Qxb6 axb6 10. g4 Bg6 11. e4 dxe4 12. dxe4 h6 13. Ke2 Nc5 14. f5 exf5
15. exf5 Bh7 16. b4 Na4 17. Kd3 h5 18. Ne4 O-O-O+ 19. Kc2 Nxe4 20. Bxe4 Re8 21.
Bd3 1/2-1/2

[Event "HEM A-Turnier"]
[Site "Frankfurt-Zeilsheim"]
[Date "2018.??.??"]
[Round "1.11"]
[White "Bajorski, Marius"]
[Black "Calvi, Stefan"]
[Result "1-0"]
[WhiteElo "1911"]
[BlackElo "2050"]
[PlyCount "133"]
[EventDate "2018.??.??"]
[EventType "swiss"]
[EventRounds "7"]
[EventCountry "GER"]
[WhiteTeam "SV Hofheim"]
[BlackTeam "SF Frankfurt"]

1. e4 c5 2. Nf3 Nc6 3. Bb5 g6 4. Bxc6 dxc6 5. h3 Bg7 6. d3 b6 7. O-O Nh6 8. Re1
e5 9. Be3 f6 10. c3 Be6 11. d4 Nf7 12. dxc5 Qxd1 13. Rxd1 b5 14. Nbd2 Ke7 15.
Nh2 f5 16. f4 exf4 17. Bxf4 Rhd8 18. exf5 Bxf5 19. Nhf3 Rd7 20. Nb3 Rxd1+ 21.
Rxd1 Rd8 22. Nbd4 Kf8 23. Re1 Bd7 24. Be5 Re8 25. Bxg7+ Kxg7 26. Rxe8 Bxe8 27.
Kf2 Kf6 28. Ke3 g5 29. Ke4 Nd8 30. Ne5 Bg6+ 31. Nxg6 hxg6 32. b4 Ke7 33. Nf3
Kf6 34. Ne5 Kg7 35. g3 Kf6 36. Ng4+ Ke6 37. Ne5 Kf6 38. c4 a6 39. cxb5 axb5 40.
Ng4+ Ke6 41. Ne5 Kf6 42. Nf3 Ne6 43. Nd4 Nd8 44. Ne2 Ne6 45. Nc3 Nc7 46. a4
bxa4 47. Nxa4 Na6 48. Nb6 Nxb4 49. Nd7+ Ke6 50. Nf8+ Kf7 51. Nh7 g4 52. hxg4
Nd5 53. Ng5+ Ke7 54. Nf3 Nf6+ 55. Kd4 Nxg4 56. Ne5 Nh6 57. Ke4 Kf6 58. Nxc6 Nf7
59. Nb4 Kg5 60. Nd3 Kf6 61. Kd5 Ke7 62. Ne5 Nh6 63. Nxg6+ Kf6 64. c6 Kxg6 65.
c7 Nf5 66. Ke6 Nd4+ 67. Kd7 1-0

[Event "HEM A-Turnier"]
[Site "Frankfurt-Zeilsheim"]
[Date "2018.??.??"]
[Round "1.12"]
[White "Muth, Andreas"]
[Black "Ullmann, Ralf"]
[Result "1/2-1/2"]
[WhiteElo "2042"]
[BlackElo "1910"]
[PlyCount "61"]
[EventDate "2018.??.??"]
[EventType "swiss"]
[EventRounds "7"]
[EventCountry "GER"]
[WhiteTeam "Sfr. Wieseck"]
[BlackTeam "SC Eschwege"]

1. d4 Nf6 2. Nf3 g6 3. c4 Bg7 4. Nc3 c5 5. g3 cxd4 6. Nxd4 Nc6 7. Bg2 O-O 8.
O-O Qb6 9. Nc2 d6 10. h3 Bd7 11. Rb1 Ne5 12. b3 Bc6 13. e4 Rfd8 14. Be3 Qa5 15.
Qd2 Qc7 16. f4 Ned7 17. Nd4 a6 18. Rfd1 Nc5 19. Qc2 Bd7 20. Nd5 Nxd5 21. cxd5
a5 22. Rbc1 Rdc8 23. Qe2 Qd8 24. Kh2 Qe8 25. Rc2 Na6 26. a3 Rxc2 27. Qxc2 Rc8
28. Qd2 Qd8 29. Rc1 Rxc1 30. Qxc1 Qc8 31. Qxc8+ 1/2-1/2